[Event "DEM U12 2019"]
[Site "Willingen GER"]
[Date "2019.06.15"]
[Round "9"]
[White "Hecht, Jonas Christian"]
[Black "Bock, Marlon"]
[Result "1-0"]
[Termination "normal"]
[Board "11"]
[WhiteElo "1726"]
[BlackElo "1596"]
[WhiteClock "00:38:01"]
[BlackClock "00:15:20"]
[PlyCount "65"]
[WhiteFideId "16214846"]
[BlackFideId "16244931"]
[EventCountry "GER"]
[EventRounds "9"]
[EventType "swiss"]
[EventDate "2019.06.08"]

1. e4 {[%clk 1:30:57]} 1... e5 {[%clk 1:30:53]} 2. Nf3 {[%clk 1:31:01]} 2...
Nc6 {[%clk 1:30:48]} 3. d4 {[%clk 1:31:24]} 3... exd4 {[%clk 1:30:48]} 4. Nxd4
{[%clk 1:31:48]} 4... Bb4+ {[%clk 1:30:35]} 5. c3 {[%clk 1:32:06]} 5... Bc5 {
[%clk 1:30:03]} 6. Nxc6 {[%clk 1:30:41]} 6... bxc6 {[%clk 1:25:25]} 7. Bc4 {
[%clk 1:29:30]} 7... d6 {[%clk 1:23:24]} 8. O-O {[%clk 1:28:05]} 8... Nf6 {
[%clk 1:22:14]} 9. Bg5 {[%clk 1:26:51]} 9... h6 {[%clk 1:16:48]} 10. Bh4 {
[%clk 1:23:08]} 10... O-O {[%clk 1:11:55]} 11. Qf3 {[%clk 1:22:18]} 11... g5 {
[%clk 1:01:08]} 12. Bg3 {[%clk 1:21:39]} 12... Be6 {[%clk 0:58:43]} 13. Nd2 {
[%clk 1:20:11]} 13... Kh8 {[%clk 0:53:21]} 14. e5 {[%clk 1:08:52]} 14... Nh7 {
[%clk 0:44:24]} 15. Qxc6 {[%clk 1:07:58]} 15... h5 {[%clk 0:40:51]} 16. h4 {
[%clk 1:03:44]} 16... gxh4 {[%clk 0:36:52]} 17. Bf4 {[%clk 1:02:49]} 17... h3 {
[%clk 0:34:36]} 18. Bxe6 {[%clk 0:58:46]} 18... fxe6 {[%clk 0:34:56]} 19. g3 {
[%clk 0:57:58]} 19... h4 {[%clk 0:30:04]} 20. b4 {[%clk 0:49:04]} 20... hxg3 {
[%clk 0:26:38]} 21. Bxg3 {[%clk 0:49:06]} 21... Bb6 {[%clk 0:25:33]} 22. exd6 {
[%clk 0:47:17]} 22... cxd6 {[%clk 0:22:06]} 23. Qxd6 {[%clk 0:45:27]} 23... Qg5
{[%clk 0:21:51]} 24. Qe5+ {[%clk 0:45:23]} 24... Qf6 {[%clk 0:20:40]} 25. Ne4 {
[%clk 0:43:41]} 25... Qxe5 {[%clk 0:19:35]} 26. Bxe5+ {[%clk 0:43:59]} 26...
Kg8 {[%clk 0:19:51]} 27. Kh1 {[%clk 0:41:30]} 27... Rf5 {[%clk 0:19:33]} 28.
Rg1+ {[%clk 0:40:35]} 28... Kf8 {[%clk 0:19:47]} 29. Bg7+ {[%clk 0:39:40]}
29... Ke7 {[%clk 0:19:49]} 30. Bh6 {[%clk 0:37:48]} 30... Nf8 {[%clk 0:16:00]}
31. Rg7+ {[%clk 0:37:21]} 31... Kd8 {[%clk 0:15:23]} 32. Rd1+ {[%clk 0:37:39]}
32... Kc8 {[%clk 0:15:20]} 33. Nd6+ {[%clk 0:38:01]} 1-0

[Event "DEM U12 2019"]
[Site "Willingen GER"]
[Date "2019.06.15"]
[Round "9"]
[White "Bungarten, Jona"]
[Black "Heinrich, John"]
[Result "1-0"]
[Termination "normal"]
[Board "12"]
[WhiteElo "1642"]
[BlackElo "1695"]
[WhiteClock "01:02:57"]
[BlackClock "00:36:05"]
[PlyCount "39"]
[WhiteFideId "16223608"]
[BlackFideId "16259491"]
[EventCountry "GER"]
[EventRounds "9"]
[EventType "swiss"]
[EventDate "2019.06.08"]

1. e4 {[%clk 1:30:57]} 1... c5 {[%clk 1:30:54]} 2. Nf3 {[%clk 1:31:19]} 2... e6
{[%clk 1:31:07]} 3. d4 {[%clk 1:31:32]} 3... cxd4 {[%clk 1:31:30]} 4. c3 {
[%clk 1:31:58]} 4... dxc3 {[%clk 1:31:44]} 5. Nxc3 {[%clk 1:32:23]} 5... a6 {
[%clk 1:31:56]} 6. Bc4 {[%clk 1:30:54]} 6... Ne7 {[%clk 1:32:09]} 7. Bg5 {
[%clk 1:31:08]} 7... f6 {[%clk 1:32:07]} 8. Be3 {[%clk 1:30:50]} 8... b5 {
[%clk 1:30:59]} 9. Bb3 {[%clk 1:31:07]} 9... Bb7 {[%clk 1:31:14]} 10. O-O {
[%clk 1:30:37]} 10... Ng6 {[%clk 1:29:00]} 11. Qe2 {[%clk 1:29:41]} 11... Be7 {
[%clk 1:28:49]} 12. Rfd1 {[%clk 1:27:04]} 12... Qa5 {[%clk 1:25:43]} 13. Rac1 {
[%clk 1:25:02]} 13... O-O {[%clk 1:24:34]} 14. h4 {[%clk 1:18:57]} 14... f5 {
[%clk 1:00:00]} 15. exf5 {[%clk 1:11:19]} 15... Rxf5 {[%clk 0:58:05]} 16. Nd4 {
[%clk 1:08:41]} 16... Rf8 {[%clk 0:50:58]} 17. h5 {[%clk 1:07:55]} 17... Nh4 {
[%clk 0:47:19]} 18. Qg4 {[%clk 1:04:01]} 18... Kh8 {[%clk 0:41:02]} 19. h6 {
[%clk 1:02:57]} 19... g6 {[%clk 0:36:05]} 20. Nxe6 1-0

[Event "DEM U12 2019"]
[Site "Willingen GER"]
[Date "2019.06.15"]
[Round "9"]
[White "Rempe, Jonas"]
[Black "Winkler, Yonathan"]
[Result "1-0"]
[Termination "normal"]
[Board "13"]
[WhiteElo "1781"]
[BlackElo "1536"]
[WhiteClock "00:55:00"]
[BlackClock "00:19:52"]
[PlyCount "69"]
[WhiteFideId "16202406"]
[BlackFideId "16266080"]
[EventCountry "GER"]
[EventRounds "9"]
[EventType "swiss"]
[EventDate "2019.06.08"]

1. e4 {[%clk 1:30:57]} 1... c5 {[%clk 1:30:52]} 2. Nf3 {[%clk 1:31:21]} 2... a6
{[%clk 1:31:18]} 3. Nc3 {[%clk 1:31:41]} 3... b5 {[%clk 1:30:55]} 4. d4 { [%clk
1:31:54]} 4... cxd4 {[%clk 1:31:19]} 5. Nxd4 {[%clk 1:32:19]} 5... e5 { [%clk
1:28:30]} 6. Nb3 {[%clk 1:27:44]} 6... Nf6 {[%clk 1:28:25]} 7. Bd3 { [%clk
1:24:00]} 7... Bb7 {[%clk 1:24:21]} 8. Bg5 {[%clk 1:18:01]} 8... Be7 { [%clk
1:21:38]} 9. Bxf6 {[%clk 1:11:28]} 9... Bxf6 {[%clk 1:17:39]} 10. Qe2 { [%clk
1:09:56]} 10... Qc7 {[%clk 1:07:17]} 11. O-O-O {[%clk 1:09:43]} 11... b4 {[%clk
1:03:01]} 12. Nd5 {[%clk 1:09:20]} 12... Bxd5 {[%clk 0:57:43]} 13. exd5 {[%clk
1:09:47]} 13... a5 {[%clk 0:52:20]} 14. Kb1 {[%clk 1:06:33]} 14... a4 { [%clk
0:51:01]} 15. Nd4 {[%clk 1:06:53]} 15... a3 {[%clk 0:49:43]} 16. Nb5 { [%clk
1:06:51]} 16... Qc5 {[%clk 0:46:54]} 17. d6 {[%clk 1:03:31]} 17... Na6 { [%clk
0:39:10]} 18. Be4 {[%clk 1:02:05]} 18... Rb8 {[%clk 0:36:48]} 19. Rd5 { [%clk
1:00:48]} 19... Qb6 {[%clk 0:34:39]} 20. Bf5 {[%clk 0:57:57]} 20... Nc5 { [%clk
0:31:58]} 21. Nc7+ {[%clk 0:56:55]} 21... Kf8 {[%clk 0:27:39]} 22. Qe3 { [%clk
0:53:19]} 22... Na4 {[%clk 0:24:48]} 23. Rb5 {[%clk 0:53:07]} 23... Qxb5 {[%clk
0:23:24]} 24. Nxb5 {[%clk 0:53:36]} 24... Rxb5 {[%clk 0:23:45]} 25. Qa7 {[%clk
0:53:42]} 25... Nc3+ {[%clk 0:23:21]} 26. bxc3 {[%clk 0:53:21]} 26... bxc3+
{[%clk 0:23:45]} 27. Ka1 {[%clk 0:53:48]} 27... g6 {[%clk 0:23:34]} 28. Bxd7
{[%clk 0:54:16]} 28... Rb2 {[%clk 0:23:40]} 29. Ba4 {[%clk 0:54:21]} 29... Kg7
{[%clk 0:23:46]} 30. Bb3 {[%clk 0:54:42]} 30... Rd8 {[%clk 0:23:28]} 31. Qxf7+
{[%clk 0:55:00]} 31... Kh6 {[%clk 0:23:05]} 32. Qxf6 {[%clk 0:55:29]} 32... Rb8
{[%clk 0:23:25]} 33. Qxe5 {[%clk 0:54:59]} 33... R8xb3 { [%clk 0:19:48]} 34.
cxb3 {[%clk 0:54:37]} 34... c2 {[%clk 0:19:52]} 35. Qxb2 { [%clk 0:55:00]} 1-0

[Event "DEM U12 2019"]
[Site "Willingen GER"]
[Date "2019.06.15"]
[Round "9"]
[White "Zweigait, Leon"]
[Black "Tomasjan, Samuel"]
[Result "0-1"]
[Termination "normal"]
[Board "14"]
[WhiteElo "1474"]
[BlackElo "1476"]
[WhiteClock "01:31:36"]
[BlackClock "00:39:25"]
[PlyCount "54"]
[WhiteFideId "16201388"]
[BlackFideId "16235584"]
[EventCountry "GER"]
[EventRounds "9"]
[EventType "swiss"]
[EventDate "2019.06.08"]

1. Nf3 {[%clk 1:30:57]} 1... Nf6 {[%clk 1:30:54]} 2. c4 {[%clk 1:31:22]} 2...
e6 {[%clk 1:31:06]} 3. g3 {[%clk 1:31:48]} 3... d5 {[%clk 1:31:21]} 4. Bg2 {
[%clk 1:32:14]} 4... dxc4 {[%clk 1:31:39]} 5. Qa4+ 5... Nbd7 {[%clk 1:31:29]}
6. Na3 {[%clk 1:32:31]} 6... a6 {[%clk 1:28:12]} 7. O-O {[%clk 1:31:36]} 7...
c6 {[%clk 1:19:22]} 8. Qxc4 {[%clk 1:31:52]} 8... Bxa3 {[%clk 1:18:58]} 9. bxa3
{[%clk 1:32:15]} 9... Qc7 {[%clk 1:18:43]} 10. Bb2 {[%clk 1:32:27]} 10... b5 {
[%clk 1:16:51]} 11. Qc2 {[%clk 1:32:42]} 11... Bb7 {[%clk 1:16:17]} 12. Rac1 {
[%clk 1:32:40]} 12... Rc8 {[%clk 1:15:04]} 13. d4 {[%clk 1:32:46]} 13... Nb6 {
[%clk 1:08:28]} 14. Ne5 {[%clk 1:32:56]} 14... Nfd7 {[%clk 1:08:22]} 15. Bxc6 {
[%clk 1:32:48]} 15... O-O {[%clk 0:55:00]} 16. Be4 {[%clk 1:32:48]} 16... Qxc2
{[%clk 0:45:21]} 17. Bxc2 {[%clk 1:33:08]} 17... Nxe5 {[%clk 0:45:40]} 18. dxe5
{[%clk 1:33:31]} 18... Nc4 {[%clk 0:45:43]} 19. Bd4 {[%clk 1:33:49]} 19... Rfd8
{[%clk 0:42:46]} 20. e3 {[%clk 1:33:28]} 20... Nd2 {[%clk 0:40:32]} 21. Bb6 {
[%clk 1:30:20]} 21... Nf3+ {[%clk 0:39:43]} 22. Kg2 {[%clk 1:30:28]} 22... Ng5+
{[%clk 0:39:09]} 23. f3 {[%clk 1:30:43]} 23... Rd2+ {[%clk 0:39:24]} 24. Rf2 {
[%clk 1:30:59]} 24... Bxf3+ {[%clk 0:39:18]} 25. Kf1 {[%clk 1:31:00]} 25...
Rcxc2 {[%clk 0:39:10]} 26. Rxd2 {[%clk 1:31:24]} 26... Rxc1+ {[%clk 0:39:13]}
27. Kf2 {[%clk 1:31:36]} 27... Ne4+ {[%clk 0:39:25]} 0-1

[Event "DEM U12 2019"]
[Site "Willingen GER"]
[Date "2019.06.15"]
[Round "9"]
[White "Schwartz, Oliver"]
[Black "Krüger, Arthur"]
[Result "1/2-1/2"]
[Termination "normal"]
[Board "15"]
[WhiteElo "1616"]
[BlackElo "1613"]
[WhiteClock "00:09:09"]
[BlackClock "00:00:31"]
[PlyCount "68"]
[WhiteFideId "16207459"]
[BlackFideId "16244966"]
[EventCountry "GER"]
[EventRounds "9"]
[EventType "swiss"]
[EventDate "2019.06.08"]

1. e4 {[%clk 1:30:58]} 1... e5 {[%clk 1:30:49]} 2. Nf3 {[%clk 1:31:22]} 2...
Nc6 {[%clk 1:31:15]} 3. Bc4 {[%clk 1:31:46]} 3... Bc5 {[%clk 1:31:42]} 4. c3 {
[%clk 1:32:10]} 4... Nf6 {[%clk 1:32:08]} 5. d3 {[%clk 1:32:36]} 5... d6 {
[%clk 1:32:27]} 6. Bb3 {[%clk 1:32:30]} 6... h6 {[%clk 1:32:00]} 7. Nbd2 {
[%clk 1:32:30]} 7... O-O {[%clk 1:30:46]} 8. h3 {[%clk 1:30:33]} 8... Be6 {
[%clk 1:29:41]} 9. Bc2 {[%clk 1:30:28]} 9... a5 {[%clk 1:28:19]} 10. Nf1 {
[%clk 1:29:34]} 10... Ne7 {[%clk 1:25:56]} 11. g4 {[%clk 1:16:55]} 11... Nh7 {
[%clk 1:17:17]} 12. Ng3 {[%clk 1:10:18]} 12... Ng6 {[%clk 1:12:58]} 13. Nh5 {
[%clk 0:43:03]} 13... Ng5 {[%clk 1:07:27]} 14. Bxg5 {[%clk 0:30:55]} 14... hxg5
{[%clk 1:05:56]} 15. a3 {[%clk 0:30:40]} 15... Nh4 {[%clk 0:57:44]} 16. d4 {
[%clk 0:24:04]} 16... Nxf3+ {[%clk 0:51:36]} 17. Qxf3 {[%clk 0:24:13]} 17...
exd4 {[%clk 0:50:47]} 18. O-O-O {[%clk 0:23:15]} 18... dxc3 {[%clk 0:41:55]}
19. Qxc3 {[%clk 0:23:03]} 19... f6 {[%clk 0:39:20]} 20. f3 {[%clk 0:20:13]}
20... b5 {[%clk 0:34:43]} 21. Qd2 {[%clk 0:18:25]} 21... Qe8 {[%clk 0:29:05]}
22. Qd3 {[%clk 0:16:14]} 22... Bc4 {[%clk 0:24:41]} 23. Qc3 {[%clk 0:16:21]}
23... Qe5 {[%clk 0:23:08]} 24. Qd2 {[%clk 0:14:59]} 24... Rfb8 {[%clk 0:15:47]}
25. h4 {[%clk 0:14:39]} 25... a4 {[%clk 0:14:47]} 26. hxg5 {[%clk 0:13:54]}
26... fxg5 {[%clk 0:12:36]} 27. f4 {[%clk 0:12:15]} 27... gxf4 {[%clk 0:12:53]}
28. Nxf4 {[%clk 0:12:35]} 28... Kf7 {[%clk 0:06:58]} 29. Nd5 {[%clk 0:10:58]}
29... Bxd5 {[%clk 0:05:16]} 30. Qxd5+ {[%clk 0:11:08]} 30... Qxd5 { [%clk
0:05:38]} 31. exd5 {[%clk 0:09:56]} 31... Be3+ {[%clk 0:03:23]} 32. Kb1 { [%clk
0:10:19]} 32... Bg5 {[%clk 0:02:28]} 33. Rdf1+ {[%clk 0:10:27]} 33... Ke7
{[%clk 0:00:31]} 34. Re1+ {[%clk 0:09:09]} 34... Kf7 1/2-1/2

[Event "DEM U12 2019"]
[Site "Willingen GER"]
[Date "2019.06.15"]
[Round "9"]
[White "Woltmann, Peter"]
[Black "Bolz, Jannis"]
[Result "0-1"]
[Termination "normal"]
[Board "16"]
[WhiteElo "1471"]
[BlackElo "1618"]
[PlyCount "120"]
[WhiteFideId "16269349"]
[BlackFideId "16214897"]
[EventCountry "GER"]
[EventRounds "9"]
[EventType "swiss"]
[EventDate "2019.06.08"]

1. e4 e5 2. Nf3 Nc6 3. d4 exd4 4. Bc4 Nf6 5. e5 d5 6. Bb5 Ne4 7. Nxd4 Bd7 8.
Bxc6 bxc6 9. O-O Bc5 10. Be3 Bb6 11. f3 Ng5 12. f4 Ne4 13. Nd2 Nxd2 14. Qxd2 c5
15. Nf3 d4 16. Bf2 Bc6 17. Bh4 Qc8 18. Rae1 O-O 19. Kh1 Bb5 20. Rf2 Bc6 21. Qd3
Qg4 22. Bg3 a6 23. Ng5 Qh5 24. Nh3 Qxh3 25. f5 Qh5 26. f6 Qg6 27. fxg7 Kxg7 28.
Qd2 c4 29. Rf6 Qh5 30. Rxc6 Rae8 31. e6 Rxe6 32. Rcxe6 fxe6 33. Be5+ Kg8 34.
Bxd4 Rd8 35. c3 e5 36. Qe3 exd4 37. Qe6+ Qf7 38. Qg4+ Qg6 39. Qh4 Rf8 40. cxd4
Qf6 41. Qg4+ Qg7 42. Qe6+ Qf7 43. Qg4+ Qg6 44. Qd7 Qf5 45. Qxf5 Rxf5 46. g3
Bxd4 47. Re4 Bxb2 48. Rxc4 Rf1+ 49. Kg2 Rc1 50. Ra4 Rc6 51. h4 Bc3 52. g4 a5
53. h5 Bb4 54. a3 Rc2+ 55. Kf3 Ra2 56. axb4 Rxa4 57. bxa5 Rxa5 58. Ke4 Kf7 59.
Kf4 Kf6 60. Ke4 Kg5 0-1

[Event "DEM U12 2019"]
[Site "Willingen GER"]
[Date "2019.06.15"]
[Round "9"]
[White "Kageler, Anton Paul"]
[Black "Greßler, Christian"]
[Result "1-0"]
[Termination "normal"]
[Board "17"]
[WhiteElo "1563"]
[BlackElo "1416"]
[PlyCount "71"]
[WhiteFideId "16244850"]
[BlackFideId "16244907"]
[EventCountry "GER"]
[EventRounds "9"]
[EventType "swiss"]
[EventDate "2019.06.08"]

1. e4 e6 2. d4 d5 3. Bd3 Nf6 4. e5 Nfd7 5. Nf3 c5 6. c3 Nc6 7. O-O Be7 8. Re1
Qb6 9. Bc2 f6 10. exf6 Nxf6 11. Ng5 Nd8 12. Bf4 O-O 13. Qd2 h6 14. Nf3 Nf7 15.
a3 a5 16. a4 Kh8 17. Bg6 Bd6 18. Bxd6 Nxd6 19. Ne5 Nfe4 20. Bxe4 Nxe4 21. Rxe4
dxe4 22. Ng6+ Kg8 23. Nxf8 Kxf8 24. dxc5 Qxc5 25. Qe2 Qb6 26. Na3 e3 27. fxe3
Bd7 28. Nc4 Qc5 29. Qd3 Ke7 30. Qd4 Rc8 31. Qxg7+ Kd8 32. b3 b5 33. axb5 Bxb5
34. Rxa5 Qf5 35. Qd4+ Ke7 36. Ra7+ 1-0

[Event "DEM U12 2019"]
[Site "Willingen GER"]
[Date "2019.06.15"]
[Round "9"]
[White "Malchereck, Zion"]
[Black "Hoppstädter, Daniel"]
[Result "1/2-1/2"]
[Termination "normal"]
[Board "18"]
[WhiteElo "1438"]
[BlackElo "1576"]
[PlyCount "74"]
[WhiteFideId "16269233"]
[BlackFideId "16243625"]
[EventCountry "GER"]
[EventRounds "9"]
[EventType "swiss"]
[EventDate "2019.06.08"]

1. e4 c5 2. d4 cxd4 3. c3 Nf6 4. e5 Nd5 5. Nf3 e6 6. cxd4 Nc6 7. a3 Be7 8. Bd3
O-O 9. Qc2 g6 10. Bh6 Re8 11. O-O f5 12. exf6 Bxf6 13. Rd1 Nde7 14. Nc3 d5 15.
Bf4 a6 16. Kf1 Nxd4 17. Nxd4 Bxd4 18. Bxg6 Nxg6 19. Rxd4 Bd7 20. Bg3 Bc6 21.
Rg4 Qd7 22. Re1 Rac8 23. Qb1 Re7 24. Bh4 Rf7 25. f3 e5 26. Kg1 e4 27. h3 exf3
28. gxf3 Qf5 29. Qxf5 Rxf5 30. Kg2 Kf7 31. Bg3 Rg8 32. Ne2 h5 33. Nd4 Rf6 34.
Rg5 h4 35. Be5 Nxe5 36. Rexe5 Rxg5+ 37. Rxg5 Rg6 1/2-1/2

[Event "DEM U12 2019"]
[Site "Willingen GER"]
[Date "2019.06.15"]
[Round "9"]
[White "Krömer, Emanuel"]
[Black "Möller, Maurin"]
[Result "0-1"]
[Termination "normal"]
[Board "19"]
[WhiteElo "1466"]
[BlackElo "1686"]
[PlyCount "30"]
[WhiteFideId "16287070"]
[BlackFideId "16265696"]
[EventCountry "GER"]
[EventRounds "9"]
[EventType "swiss"]
[EventDate "2019.06.08"]

1. e4 e5 2. Nf3 Nf6 3. d4 Nxe4 4. Bd3 d5 5. dxe5 Nc6 6. Be3 Bg4 7. h3 Bxf3 8.
gxf3 Nc5 9. Be2 Nxe5 10. Nc3 c6 11. Qd4 Bd6 12. Bf4 Ne6 13. Qxe5 Bxe5 14. Bxe5
d4 15. O-O-O Qg5+ 0-1

[Event "DEM U12 2019"]
[Site "Willingen GER"]
[Date "2019.06.15"]
[Round "9"]
[White "Phan Trong, Dai"]
[Black "Brunner, Alexander"]
[Result "1/2-1/2"]
[Termination "normal"]
[Board "20"]
[WhiteElo "1657"]
[BlackElo "1539"]
[PlyCount "73"]
[WhiteFideId "16236939"]
[BlackFideId "12965278"]
[EventCountry "GER"]
[EventRounds "9"]
[EventType "swiss"]
[EventDate "2019.06.08"]

1. c4 e5 2. Nc3 d6 3. g3 Nc6 4. Bg2 Be6 5. d3 Qd7 6. Be3 O-O-O 7. Qa4 Kb8 8.
Bxc6 Qxc6 9. Bxa7+ Kc8 10. Qxc6 bxc6 11. Be3 d5 12. cxd5 cxd5 13. Bd2 Nf6 14.
Nf3 Bd6 15. Nb5 Kd7 16. Nxd6 cxd6 17. Bb4 Rb8 18. a3 Rhc8 19. Kd2 Ng4 20. Raf1
d4 21. Ng5 Bb3 22. Rc1 Nxf2 23. Rxc8 Rxc8 24. Rc1 Rxc1 25. Kxc1 f6 26. Ne4 Nxe4
27. dxe4 Ke6 28. Kd2 d5 29. exd5+ Kxd5 30. e3 Ke4 31. exd4 exd4 32. Ke2 f5 33.
h4 d3+ 34. Kf2 Bc2 35. Bc3 g6 36. Bd2 h5 37. Bh6 1/2-1/2

[Event "DEM U12 2019"]
[Site "Willingen GER"]
[Date "2019.06.15"]
[Round "9"]
[White "Hoffmann, Kay"]
[Black "Duong, Quang Bach"]
[Result "1/2-1/2"]
[Termination "normal"]
[Board "21"]
[WhiteElo "1433"]
[BlackElo "1647"]
[PlyCount "46"]
[WhiteFideId "16227000"]
[BlackFideId "16287045"]
[EventCountry "GER"]
[EventRounds "9"]
[EventType "swiss"]
[EventDate "2019.06.08"]

1. d4 Nf6 2. c4 g6 3. Nc3 Bg7 4. e4 d6 5. f3 O-O 6. Nge2 c5 7. Be3 Nc6 8. Qd2
cxd4 9. Nxd4 Nxd4 10. Bxd4 Be6 11. b3 a6 12. Be2 Qc7 13. Rc1 Bd7 14. O-O Rfc8
15. Qe3 Qd8 16. Bb6 Qe8 17. Nd5 Nxd5 18. cxd5 Bb5 19. a4 Bxe2 20. Qxe2 Qd7 21.
Qd2 h5 22. Rxc8+ Rxc8 23. Rc1 Kh7 1/2-1/2

[Event "DEM U12 2019"]
[Site "Willingen GER"]
[Date "2019.06.15"]
[Round "9"]
[White "Honstein, Michael"]
[Black "Walter, Alexander"]
[Result "0-1"]
[Termination "normal"]
[Board "22"]
[WhiteElo "1378"]
[BlackElo "1642"]
[PlyCount "90"]
[WhiteFideId "16287053"]
[BlackFideId "16227620"]
[EventCountry "GER"]
[EventRounds "9"]
[EventType "swiss"]
[EventDate "2019.06.08"]

1. Nf3 Nf6 2. g3 e6 3. Bg2 d5 4. O-O Be7 5. b3 O-O 6. Bb2 c5 7. e3 Nc6 8. d3 b6
9. Nbd2 Bb7 10. Ne5 Nxe5 11. Bxe5 Nd7 12. Bb2 Bf6 13. Bxf6 Nxf6 14. e4 Qd7 15.
exd5 Bxd5 16. Bxd5 exd5 17. Re1 Rae8 18. Nf3 Rxe1+ 19. Nxe1 Re8 20. Ng2 h6 21.
Qd2 Qd6 22. a4 a5 23. Re1 Rxe1+ 24. Qxe1 Qe6 25. Qxe6 fxe6 26. f4 d4 27. Kf2
Kf7 28. Kf3 Nd5 29. Ke4 Kf6 30. g4 Nc3+ 31. Kf3 Nd5 32. h4 Nc3 33. g5+ Kf5 34.
gxh6 gxh6 35. h5 e5 36. fxe5 Kxe5 37. Kg4 Nd5 38. Kf3 Nb4 39. Ne1 Kf5 40. Kg3
Kg5 41. Kh3 Kxh5 42. Kg3 Kg5 43. Kh3 Kf4 44. Kh4 Ke3 45. Kh5 Kf2 0-1

[Event "DEM U12 2019"]
[Site "Willingen GER"]
[Date "2019.06.15"]
[Round "9"]
[White "Gerdes, Jannes"]
[Black "Morczynski, Joachim"]
[Result "1/2-1/2"]
[Termination "normal"]
[Board "23"]
[WhiteElo "1517"]
[BlackElo "1733"]
[PlyCount "72"]
[WhiteFideId "16254627"]
[BlackFideId "16209745"]
[EventCountry "GER"]
[EventRounds "9"]
[EventType "swiss"]
[EventDate "2019.06.08"]

1. e4 c5 2. Nf3 Nc6 3. d4 cxd4 4. Nxd4 Nf6 5. Nc3 e5 6. Ndb5 d6 7. Bg5 a6 8.
Na3 b5 9. Nd5 Be7 10. Bxf6 Bxf6 11. c4 b4 12. Nc2 a5 13. Qf3 Bg5 14. h4 Bh6 15.
g4 f6 16. Rg1 O-O 17. Qg3 Bf4 18. Nxf4 exf4 19. Qxf4 Be6 20. O-O-O Ne5 21. Ne3
Qc7 22. Nd5 Bxd5 23. exd5 Rac8 24. Rd4 Qb6 25. Bd3 Nf3 26. Qxf3 Qxd4 27. h5 Qe5
28. Kb1 a4 29. Qe2 Qxe2 30. Bxe2 Rfe8 31. Bd3 a3 32. b3 Re5 33. Bf5 Rce8 34.
Be6+ Kf8 35. f4 Re2 36. f5 Rb2+ 1/2-1/2

[Event "DEM U12 2019"]
[Site "Willingen GER"]
[Date "2019.06.15"]
[Round "9"]
[White "Fuhrmann, Bahne"]
[Black "Schreidl, Michael"]
[Result "1-0"]
[Termination "normal"]
[Board "24"]
[WhiteElo "1659"]
[BlackElo "1586"]
[PlyCount "108"]
[WhiteFideId "16244842"]
[BlackFideId "16265750"]
[EventCountry "GER"]
[EventRounds "9"]
[EventType "swiss"]
[EventDate "2019.06.08"]

1. e4 e5 2. Nf3 Nc6 3. Bc4 Bc5 4. O-O Nf6 5. d4 exd4 6. e5 d5 7. exf6 dxc4 8.
Re1+ Be6 9. Ng5 Qxf6 10. Nxe6 fxe6 11. Qh5+ Kd7 12. Qxc5 Rhf8 13. f3 Qg6 14.
Qxc4 Rxf3 15. Rxe6 Qxe6 16. Qxe6+ Kxe6 17. gxf3 Rf8 18. Nd2 Ne5 19. b3 Nxf3+
20. Nxf3 Rxf3 21. Bb2 Rf4 22. Re1+ Kd7 23. Rd1 Rg4+ 24. Kf2 b6 25. Rxd4+ Rxd4
26. Bxd4 g6 27. Kf3 Ke6 28. Ke4 c6 29. b4 Kd6 30. c4 Ke6 31. a4 g5 32. Be5 h6
33. Bb8 a6 34. b5 cxb5 35. axb5 axb5 36. cxb5 h5 37. Bc7 Kd7 38. Bxb6 Kc8 39.
Kd5 h4 40. Bf2 h3 41. b6 Kb7 42. Kd6 Ka8 43. Kd5 Kb7 44. Ke4 g4 45. Ke5 g3 46.
Bxg3 Kxb6 47. Kf4 Kc6 48. Kg4 Kd7 49. Kxh3 Ke7 50. Kg4 Kf7 51. Kg5 Kg7 52. Be5+
Kh7 53. h4 Kg8 54. Kg6 Kf8 1-0

[Event "DEM U12 2019"]
[Site "Willingen GER"]
[Date "2019.06.15"]
[Round "9"]
[White "Andrade, Ruben"]
[Black "Hagenbeck-Hübert, Jan"]
[Result "1-0"]
[Termination "normal"]
[Board "25"]
[WhiteElo "1480"]
[BlackElo "1574"]
[PlyCount "117"]
[WhiteFideId "16246829"]
[BlackFideId "16259505"]
[EventCountry "GER"]
[EventRounds "9"]
[EventType "swiss"]
[EventDate "2019.06.08"]

1. e4 e5 2. Nf3 Nc6 3. Bc4 Nf6 4. d3 Be7 5. c3 d6 6. Nbd2 a6 7. Bb3 Be6 8. h3
O-O 9. Nf1 Rb8 10. Ng3 Bxb3 11. axb3 d5 12. Qe2 dxe4 13. dxe4 h6 14. Nf5 Bc5
15. Nh2 Qd7 16. Ng4 Qe6 17. Qf3 Nxg4 18. hxg4 f6 19. b4 Bb6 20. Qh3 Qd7 21. Bd2
Bxf2+ 22. Ke2 Bb6 23. Rad1 Qe8 24. Bxh6 Qg6 25. Bxg7 Rfd8 26. Rxd8+ Rxd8 27.
Qh8+ Kf7 28. Qh5 Ne7 29. Nxe7 Qxh5 30. gxh5 Kxg7 31. Nd5 Rh8 32. g4 Kf7 33. Rf1
Rh6 34. Kd3 Ke6 35. c4 Bd4 36. Nxc7+ Kd6 37. Nd5 Ke6 38. b3 Ba7 39. c5 Bb8 40.
Kc4 Kf7 41. b5 Ke6 42. b6 Kf7 43. b4 Ke6 44. b5 axb5+ 45. Kxb5 Kf7 46. c6 bxc6+
47. Kxc6 Ke6 48. b7 Ba7 49. Rxf6+ Rxf6 50. Nxf6 Kxf6 51. Kc7 Kg5 52. b8=Q Bxb8+
53. Kxb8 Kf4 54. h6 Kxe4 55. h7 Kd3 56. h8=Q e4 57. g5 e3 58. g6 e2 59. Qe8 1-0

[Event "DEM U12 2019"]
[Site "Willingen GER"]
[Date "2019.06.15"]
[Round "9"]
[White "Wessel, Daniel"]
[Black "Pfeffer, Samuel"]
[Result "1/2-1/2"]
[Termination "normal"]
[Board "26"]
[WhiteElo "1501"]
[BlackElo "1333"]
[PlyCount "53"]
[WhiteFideId "16244982"]
[BlackFideId "16249160"]
[EventCountry "GER"]
[EventRounds "9"]
[EventType "swiss"]
[EventDate "2019.06.08"]

1. d4 Nf6 2. c4 e6 3. Nc3 Bb4 4. e3 d5 5. Bd2 O-O 6. Nf3 Nbd7 7. cxd5 exd5 8.
Bd3 Bxc3 9. Bxc3 Ne4 10. Nd2 Nxc3 11. bxc3 Nf6 12. O-O c6 13. Qc2 Re8 14. Rab1
b6 15. c4 Qe7 16. cxd5 cxd5 17. Rfc1 Ng4 18. Bxh7+ Kh8 19. Bf5 Nxe3 20. fxe3
Qxe3+ 21. Kh1 Bxf5 22. Qxf5 Qxd2 23. Qxf7 Re2 24. Qxd5 Rae8 25. Rf1 Re1 26.
Qh5+ Kg8 27. Qf7+ 1/2-1/2